| 000 | 01059naa a22002777a 4500 | ||
|---|---|---|---|
| 001 | BR8901004 | ||
| 003 | BR-BrBNA | ||
| 005 | 20250721155347.0 | ||
| 007 | ta | ||
| 008 | 250630b bl.|||m| |||| 00| 0 por d | ||
| 040 |
_aBR-BrBNA _bpor _cBiblioteca Nacional de Agricultura |
||
| 041 | _a(Es) | ||
| 072 |
_aE16 _b0120 _bG510 |
||
| 090 | _aE16 BR8901004 | ||
| 100 | 1 | _aPizarro, J.B. | |
| 111 | 1 |
_a16. Congresso Nacional de Milho e Sorgo _cBelo Horizonte, MG (Brazil) _d4-8 Aug 1986 |
|
| 245 | 1 | _aMaiz: evolucion y perspectivas de la produccion Argentina | |
| 500 | _a16. Congresso Nacional de Milho e Sorgo. Anais Sete Lagoas, MG (Brasil): 1988. p. 590-605 [8 illus.; 16 ref.] (BR8901004-AMS) | ||
| 773 | 0 |
_t16. Congresso Nacional de Milho e Sorgo. Anais _wE16 BR8901004 _gSete Lagoas, MG (Brasil), 1988. p. 590-605 |
|
| 650 | _aMILHO | ||
| 650 | _aECONOMIA DA PRODUCAO | ||
| 650 | _aARGENTINA | ||
| 490 |
_aDocumentos - Centro Nacional de Pesquisa de Milho e Sorgo (Brazil) _vno. 6 |
||
| 942 |
_cAMS _2AGRIS |
||
| 909 |
_a202506 _bLúcia _c55 _dLúcia Elande |
||
| 999 |
_c336067 _d336067 |
||